书目信息 |
| 题名: |
民法典评注. 合同编. 通则
|
|
| 作者: | 朱广新 , 谢鸿飞 主编 | |
| 分册: | 2 | |
| 出版信息: | 中国法制出版社, 2020.10 |
|
| 页数: | 503页 | |
| 开本: | 20cm | |
| 丛书名: | ||
| 单 册: | ||
| 中图分类: | D923.04 | |
| 科图分类: | ||
| 主题词: | 法律--中国 | |
| 电子资源: | ||
| ISBN: | 978-7-5216-1277-6 | |
| 000 | 00649nam0 2200193 450 | |
| 001 | 2152617019 | |
| 005 | 20211230143723.89 | |
| 010 | @a978-7-5216-1277-6@dCNY119.50 | |
| 100 | @a20211230d2020 km y0chiy0120 ea | |
| 101 | 0 | @achi |
| 200 | 1 | @a民法典评注. 合同编. 通则@AMin Fa Dian Ping Zhu.He Tong Bian.Tong Ze@h2@f朱广新,谢鸿飞主编@FZhu Guang Xin,Xie Hong Fei Zhu Bian |
| 210 | @c中国法制出版社,@d2020.10 | |
| 215 | @a503页@d20cm | |
| 606 | 0 | @a法律@x中国 |
| 690 | @aD923.04@v4 | |
| 701 | 0 | @a朱广新@AZhu Guang Xin@4主编 |
| 701 | 0 | @a谢鸿飞@AXie Hong Fei@4主编 |
| 801 | 0 | @aCN@b大连网信软件有限公司图书馆·11@c20211230 |
| 905 | @aZUCC@dD923.04@eZ847:2 | |
| 民法典评注. 合同编. 通则.2/朱广新,谢鸿飞主编.-中国法制出版社,,2020.10 |
| 503页;20cm |
| ISBN 978-7-5216-1277-6:CNY119.50 |
| ● |
| 相关链接 |
|
|
|
正题名:民法典评注. 合同编. 通则
索取号:D923.04/Z847:2
 
预约/预借
| 序号 | 登录号 | 条形码 | 馆藏地/架位号 | 状态 | 备注 |
| 1 | 1507371 | 215073710 | 法学院资料室/ [索取号:D923.04/Z847:2] | 在馆 |